World History A-Z - Statistics

General Stats
  • This quiz has been taken 424 times
  • The average score is 18 of 26
Answer Stats
Letter Hint Answer % Correct
N First person to walk on the Moon Neil Armstrong
92%
H US state attacked in 1941 Hawaii
91%
C Former name of Istanbul Constantinople
90%
J 35th president of the United States until his assassination John F. Kennedy
88%
O An empire that controlled much of Southeastern Europe, Western Asia, and Northern Africa between the 14th and early 20th centuries Ottoman Empire
88%
Q Famous rock band known for their song "Bohemian Rhapsody" Queen
88%
V Queen of the United Kingdom from 1837 until 1901 Victoria
86%
G Founder of the United States George Washington
85%
I Largest empire in pre-Columbian America Inca Empire
84%
S Famous Greek philosopher Socrates
84%
F Political title associated with Adolf Hitler Führer
83%
L King of France from 1643 until 1715 Louis XIV
83%
R The revival of European art and literature under the influence of classical models in the 14th–16th centuries. Renaissance
83%
P Supercontinent that existed during the late Paleozoic and early Mesozoic eras Pangaea
75%
E Famous island known for Moai figures Easter Island
74%
M The historical region between the Tigris and Euphrates rivers Mesopotamia
73%
W Former collective defense treaty signed between 8 socialist country Warsaw Pact
69%
D Spanish novel written by Miguel de Cervantes Don Quixote
59%
K Fifth khagan-emperor of the Mongol Empire Kublai Khan
53%
X Fourth King of Kings of the Achaemenid Empire Xerxes I
46%
Z One of the oldest religions in the world, founded in Iran Zoroastrianism
43%
Y 1st President of the Palestinian National Authority Yasser Arafat
36%
U Former Caliphate Umayyad Caliphate
33%
B Statues that destroyed by Taliban in 2001 Buddhas of Bamiyan
32%
T Former Oceanian empire Tuʻi Tonga Empire
30%
A Largest religious structure in the world, built in early 12nd century Angkor Wat
26%
No matching quizzes found
Score Distribution
Percent of People with Each Score
Percentile by Number Answered
Your Score History
You have not taken this quiz